书目信息 |
| 题名: |
幼儿美术欣赏与创作指导
|
|
| 作者: | 解华 主编 | |
| 分册: | ||
| 出版信息: | 上海 复旦大学出版社 2016 |
|
| 页数: | 186页 | |
| 开本: | 30cm | |
| 丛书名: | 全国学前教育专业 (新课程标准) “十三五”规划教材 | |
| 单 册: | ||
| 中图分类: | G613.6 | |
| 科图分类: | ||
| 主题词: | 美术课--mei shu ke--学前教育--教材 | |
| 电子资源: | ||
| ISBN: | 978-7-309-12412-5 | |
| 000 | 01220nam 2200289 450 | |
| 001 | 012001005273 | |
| 005 | 20191213103325.54 | |
| 010 | @a978-7-309-12412-5@dCNY39.00 | |
| 099 | @aCAL 012017028962 | |
| 100 | @a20161031d2016 em y0chiy50 ea | |
| 101 | 0 | @achi |
| 102 | @aCN@b310000 | |
| 105 | @aa a 000yy | |
| 106 | @ar | |
| 200 | 1 | @a幼儿美术欣赏与创作指导@Ayou er mei shu xin shang yu chuang zuo zhi dao@f主编解华 |
| 205 | @a第2版 | |
| 210 | @a上海@c复旦大学出版社@d2016 | |
| 215 | @a186页@c彩图@d30cm | |
| 225 | 2 | @a全国学前教育专业 (新课程标准) “十三五”规划教材@Aquan guo xue qian jiao yu zhuan ye ( xin ke cheng biao zhun ) “ shi san wu ” gui hua jiao cai |
| 320 | @a有书目 (第186页) | |
| 330 | @a本书分上下两部,上部是幼儿美术欣赏,介绍了幼儿美术的特点、审美价值及评价标准;下部是幼儿美术创作指导,内容以帮助幼儿教师如何根据幼儿的身心特点,运用多种手段、形式指导幼儿进行绘画创作为主,使幼儿教师掌握正确的教育观点和多样化的教学方法。 | |
| 410 | 0 | @12001 @a全国学前教育专业 (新课程标准) “十三五”规划教材 |
| 606 | 0 | @a美术课@Amei shu ke@x学前教育@j教材 |
| 690 | @aG613.6@v5 | |
| 701 | 0 | @a解华@Ajie hua@4主编 |
| 801 | 2 | @aCN@b江苏凤凰@c20191020 |
| 905 | @b1213138-41@dG613.6@e1008=2@f4 | |
| 幼儿美术欣赏与创作指导/主编解华.-第2版.-上海:复旦大学出版社,2016 |
| 186页:彩图;30cm.-(全国学前教育专业 (新课程标准) “十三五”规划教材) |
| ISBN 978-7-309-12412-5:CNY39.00 |
| 本书分上下两部,上部是幼儿美术欣赏,介绍了幼儿美术的特点、审美价值及评价标准;下部是幼儿美术创作指导,内容以帮助幼儿教师如何根据幼儿的身心特点,运用多种手段、形式指导幼儿进行绘画创作为主,使幼儿教师掌握正确的教育观点和多样化的教学方法。 |
| ● |
| 相关链接 |
|
|
|
|
正题名:幼儿美术欣赏与创作指导
索取号:G613.6/1008=2
 
预约/预借
| 序号 | 登录号 | 条形码 | 馆藏地/架位号 | 状态 | 备注 |
| 1 | 1213138 | 212131389 | 第一样本阅览室/ [索取号:G613.6/1008=2] | 在馆 | |
| 2 | 1213139 | 212131398 | 教育系资料室/ [索取号:G613.6/1008=2] | 在馆 | |
| 3 | 1213140 | 212131405 | 教育系资料室/ [索取号:G613.6/1008=2] | 在馆 | |
| 4 | 1213141 | 212131414 | 第四借阅区/ [索取号:G613.6/1008=2] | 在馆 |